000
00207 a2200097 4500
001
1763
100
_a
Maynard, H.B.
245
_a
Industrial Engineering H/book
260
_a
_b
Megraw
_c
090
_c
1299
_d
1299
942
_a
NUST-CAE
_c
M
_c
3324
999
_c
236836
_d
236836